000 00267nam a22001217a 4500
999 _c157796
_d157796
082 _a
_b
100 _aNorman R F Maier
245 _aPsychology in industry/
_cby Norman R F Maier.
260 _a
_bOxford,
_c1970.
300 _a717p.
650 _a
942 _cBK